OUTSIDER (Record no. 4492)
[ view plain ]
| 000 -LEADER | |
|---|---|
| fixed length control field | 00320nam a2200133Ia 4500 |
| 008 - FIXED-LENGTH DATA ELEMENTS--GENERAL INFORMATION | |
| fixed length control field | 240624s9999 xx 000 0 und d |
| 041 ## - LANGUAGE CODE | |
| Language code of text/sound track or separate title | eng |
| 082 ## - DEWEY DECIMAL CLASSIFICATION NUMBER | |
| Classification number | 823.914 CAM |
| 100 ## - MAIN ENTRY--PERSONAL NAME | |
| Personal name | CAMUS ALBERT |
| 245 ## - TITLE STATEMENT | |
| Title | OUTSIDER |
| 260 ## - PUBLICATION, DISTRIBUTION, ETC. | |
| Date of publication, distribution, etc. | 2000 |
| Place of publication, distribution, etc. | New Delhi |
| Name of publisher, distributor, etc. | Penguin Book India |
| 300 ## - PHYSICAL DESCRIPTION | |
| Extent | 118 : p. : cm. ; 23 |
| 365 ## - TRADE PRICE | |
| Currency code | BPS |
| Price amount | 20 |
| Withdrawn status | Lost status | Damaged status | Not for loan | Home library | Current library | Shelving location | Date acquired | Source of acquisition | Cost, normal purchase price | Total Checkouts | Total Holds | Full call number | Barcode | Date last seen | Copy number | Price effective from | Koha item type |
|---|---|---|---|---|---|---|---|---|---|---|---|---|---|---|---|---|---|
| IMTN | IMTN | Rack 40-A | 01/29/2007 | WBD | 5.60 | 859 | 823.914 CAM | 4492 | 06/24/2024 | 92.6 | 06/24/2024 | Books |